00286nam a2200121Ia 4500008004100000100002200041245002400063260003200087300000900119650001200128942000700140999001700147190216s9999||||xx |||||||||||||| ||und|| aJames S Pickering 0aCaptives Of The Sun bSterling Publicationsc1962 a326p aPhysics cBK c32764d32764